000 01046 a2200253 4500
999 _c4304
_d4304
020 _a0855984503
050 0 0 _aHQ1236 SWE 2000
245 0 0 _aGender and lifecycles /
_cedited by Caroline Sweetman.
264 _aOxford:
_bOxfam GB,
_c2000
300 _a96 p. ;
440 0 _aOxfam focus on gender
500 _aCover title.
504 _aIncludes bibliographical references.
650 0 _aWomen's rights
650 0 _aOlder people
_xAbuse of
650 0 _aOlder people
_xSocial conditions.
650 0 _aWomen
_xSocial conditions.
700 1 _aSweetman, Caroline.
856 4 2 _3Contributor biographical information
_uhttp://www.loc.gov/catdir/enhancements/fy1115/2001535734-b.html
856 4 2 _3Publisher description
_uhttp://www.loc.gov/catdir/enhancements/fy1115/2001535734-d.html
856 4 1 _3Table of contents only
_uhttp://www.loc.gov/catdir/enhancements/fy1115/2001535734-t.html
942 _2lcc
_cBK
_h1236
_iSWE
_kHQ